Insectario amoroso
محفوظ في:
| المؤلف الرئيسي: | |
|---|---|
| التنسيق: | كتاب |
| اللغة: | الإسبانية |
| منشور في: |
Santiago
Random House Mondadori
2004
Santiago Sudamericana 2004 |
| الطبعة: | 1a. ed |
| سلاسل: | Narrativas
|
| الموضوعات: | |
| الوسوم: |
إضافة وسم
لا توجد وسوم, كن أول من يضع وسما على هذه التسجيلة!
|
MARC
| LEADER | 00000nam a2200000 a 4500 | ||
|---|---|---|---|
| 001 | UCK6978 | ||
| 003 | CL-VaPUC | ||
| 008 | 051028e20040000cl |||||||||||||||||spa|d | ||
| 020 | |a 9562622169 | ||
| 082 | 0 | 4 | |a Ch863 |b DON |2 21 |
| 100 | 0 | |a Donoso, Claudia |e author |9 496447 | |
| 245 | 1 | 0 | |a Insectario amoroso |
| 250 | |a 1a. ed | ||
| 300 | |a 131 p | ||
| 942 | |c BK | ||
| 945 | |d 20051028 00:00:00 |a cmena | ||
| 260 | |a Santiago |b Random House Mondadori |c 2004 | ||
| 260 | |a Santiago |b Sudamericana |c 2004 | ||
| 650 | 0 | |a Novelas chilenas |9 265425 | |
| 650 | 0 | |a Literatura chilena |9 308278 | |
| 583 | |a last modification |c 20171211 01:08:31 |k Rodrigo Vera | ||
| 490 | 0 | |a Narrativas | |
| 999 | |c 315072 |d 315070 | ||
| 952 | |0 0 |1 0 |4 0 |6 CH_863_000000000000000_DON_2004_2004 |7 0 |8 A |9 387983 |a FDOPOS |b BIBEDU |d 2019-11-22 |i 4178203 |l 1 |o Ch863 DON 2004 2004 |p 4178203 |r 2025-01-22 |s 2023-09-21 |w 2019-11-22 |y BK |k MLH | ||